Normal view
MARC view
- Deuel, L. E.
Entry Personal Name
001 - CONTROL NUMBER
- control field: 6886
003 - CONTROL NUMBER IDENTIFIER
- control field: NUST
005 - DATE AND TIME OF LATEST TRANSACTION
- control field: 20171204094611.0
008 - FIXED-LENGTH DATA ELEMENTS
- fixed length control field: 171204|| aca||aabn | a|a d
040 ## - CATALOGING SOURCE
- Original cataloging agency: NUST
- Transcribing agency: NUST
100 ## - HEADING--PERSONAL NAME
- Personal name: Deuel, L. E.
670 ## - SOURCE DATA FOUND
- Source citation: Work cat.: (NUST)0: Deuel, L. E., Soil remediation for the petroleum extraction industry /, c1997.
